Les Parcs d'attractions les plus visités du monde (2024) - Statistiques

Statistiques générales
  • Ce quiz a été pris 30 fois
  • Le résultat moyen est 4 sur 25
Statistiques - réponses
Hint Réponse Lieu % Correct
10 -1 Disneyland Park - Disneyland Paris France, Marne-la-Vallée
90%
18 = Europa Park Allemagne, Rust
63%
19 +3 Efteling Pays-Bas, Kaatsheuvel
20%
1 = Magic Kingdom - Walt Disney World États-Unis, Orlando
20%
7 = Tokyo DisneySea Japon, Tokyo
20%
11 +1 Disney California Adventure États-Unis, Anaheim
17%
8 = EPCOT États-Unis, Orlando
17%
4 = Tokyo Disneyland Japon, Tokyo
17%
17 = Hong Kong Disneyland Hong Kong
13%
5 = Shanghai Disneyland Chine, Shanghai
13%
2 = Disneyland - Disneyland Resort États-Unis, Anaheim
10%
9 +1 Disney's Hollywood Studios États-Unis, Orlando
10%
14 -3 Universal Islands of Adventure États-Unis, Orlando
10%
20 (TIE) = Walt Disney Studios France, Marne-la-Vallée
10%
13 = Universal Studios Florida États-Unis, Orlando
7%
16 -2 Universal Studios Hollywood États-Unis, Los Angeles
7%
3 = Universal Studios Japan Japon, Osaka
7%
15 +1 Disney's Animal Kingdom États-Unis, Orlando
3%
20 (TIE) -1 Everland Corée du Sud, Gyeonggi-Do
3%
6 = Chimelong Ocean Kingdom Chine, Hengqin
0%
25 NEW Chimelong Spaceship Chine, Hengqin
0%
22 NEW China Dinosaurs Park Chine, Changzhou
0%
23 = Lotte World Corée du Sud, Séoul
0%
24 NEW Shanghai Haichang Ocean Park Chine, Shanghai
0%
12 +3 Universal Studios Beijing Chine, Pékin
0%
Aucun quiz correspondant
Distribution des résultats
% des personnes avec chaque résultat
Percentile par nombre de réponses
Votre historique - résultats
Vous n’avez pas pris ce quiz